| 000 | 00641cam a2200241 4500 | ||
|---|---|---|---|
| 999 |
_c1664 _d1664 |
||
| 001 | 1260147 | ||
| 003 | OSt | ||
| 005 | 20180919160209.0 | ||
| 008 | 740712s1974 mnu 000 0 eng | ||
| 010 | _a 74003684 | ||
| 020 | _a0871230372 | ||
| 040 |
_aDLC _cDLC _dDLC |
||
| 050 | 1 | 0 |
_aBV210.2 _b.R35 |
| 082 | 0 | 0 |
_a248.3 _bR359B |
| 100 | 1 | _aReidhead, Paris. | |
| 245 | 1 | 0 |
_aBeyond petition; _bsix steps to successful praying. |
| 260 |
_aMinneapolis, _bDimension Books _c[1974] |
||
| 300 |
_a84 p. _c18 cm. |
||
| 350 | _a$0.95 | ||
| 650 | 0 |
_aPrayer _xChristianity. |
|
| 906 |
_a7 _bcbc _corignew _d2 _eocip _f19 _gy-gencatlg |
||
| 942 |
_2ddc _cBK |
||